000 00399nam a2200169Ia 4500
008 210210b1923 xxu||||| |||| 00| 0 eng d
041 _aeng
082 _a580/202
100 _aORSTERSHOUT (W J)
245 _aExperiments with plants
260 _aNew York
_bThe Macmillan Company
_c1923
650 _awith
650 _aplants
650 _aExperiments
690 _aBotany
906 _a010461
999 _c138229
_d138229